[Event "Titled Tue 24th Jun Late"]
[Site "chess.com INT"]
[Date "2025.06.24"]
[Round "5"]
[White "Shymanskyi, Oleksandr"]
[Black "Sitbon, Itay"]
[Result "0-1"]
[WhiteTitle "FM"]
[WhiteElo "2218"]
[BlackElo "2206"]
[WhiteFideId "14168880"]
[BlackFideId "2820706"]
[EventDate "2025.06.24"]

1. e4 e5 2. Nf3 d5 3. exd5 Nf6 4. Nxe5 Qxd5 5. Nf3 Bd6 6. c4 Qh5 7. Be2 O-O 8.
d4 Nc6 9. c5 Be7 10. Nc3 Rd8 11. Ne5 Qh4 12. Nxc6 bxc6 13. Be3 Bxc5 14. Qa4 Bxd4
15. Bxd4 Qxd4 16. Rd1 c5 17. Rxd4 cxd4 18. Nb5 d3 19. Bf3 Rb8 20. Nxa7 d2+ 21.
Kd1 Rxb2 22. g3 Rb1+ 23. Ke2 Rxh1 24. Bxh1 Ba6+ 25. Kd1 Bf1 26. Nc6 Re8 27. Kxd2
h5 28. Bf3 Bh3 29. Nd4 Bd7 30. Kc3 Bxa4 0-1

[Event "Titled Tue 24th Jun Late"]
[Site "chess.com INT"]
[Date "2025.06.24"]
[Round "5"]
[White "Da Silva Borges, Rodrigo"]
[Black "Makaraci, Tunahan"]
[Result "1-0"]
[BlackTitle "FM"]
[WhiteElo "2169"]
[BlackElo "2233"]
[WhiteFideId "2115778"]
[BlackFideId "6356559"]
[EventDate "2025.06.24"]

1. e4 c6 2. d4 d5 3. Nd2 dxe4 4. Nxe4 Bf5 5. Ng3 Bg6 6. h4 h6 7. Nf3 Nd7 8. h5
Bh7 9. Bd3 Bxd3 10. Qxd3 e6 11. Bd2 Ngf6 12. O-O-O Be7 13. Kb1 O-O 14. Qe2 Qc7
15. Nf1 c5 16. g4 Nxg4 17. Rg1 Ndf6 18. Ne5 Nxe5 19. dxe5 Ne8 20. Bxh6 Kh7 21.
Bf4 Rd8 22. Nd2 Rd4 23. Ne4 Rxd1+ 24. Qxd1 Qc6 25. Qd3 Kh8 26. Bg5 f6 27. exf6
Nxf6 28. h6 gxh6 29. Nxf6 Rf7 30. Qg6 Rg7 31. Qxh6+ 1-0

[Event "Titled Tue 24th Jun Late"]
[Site "chess.com INT"]
[Date "2025.06.24"]
[Round "5"]
[White "Mohan, Dave"]
[Black "Korchynskyi, Mykola"]
[Result "1-0"]
[BlackTitle "FM"]
[WhiteElo "2018"]
[BlackElo "2335"]
[WhiteFideId "30909775"]
[BlackFideId "34138005"]
[EventDate "2025.06.24"]

1. d4 Nf6 2. Bg5 d5 3. Bxf6 exf6 4. e3 c6 5. c4 dxc4 6. Bxc4 Bd6 7. Nc3 O-O 8.
Nf3 Nd7 9. O-O Nb6 10. Bd3 Bg4 11. h3 Bh5 12. Rc1 Re8 13. Ne4 Qd7 14. Nc5 Bxc5
15. Rxc5 Nd5 16. Be2 Rad8 17. Qb1 Bg6 18. Bd3 a6 19. Bxg6 hxg6 20. a3 g5 21. Nh2
g6 22. Rfc1 Kg7 23. b4 f5 24. a4 g4 25. hxg4 fxg4 26. Nf1 Rh8 27. b5 axb5 28.
axb5 Rh7 29. bxc6 bxc6 30. Rxc6 Rdh8 31. Ng3 Qe7 32. Qb3 Qh4 33. Kf1 Qd8 34.
R1c5 Nf6 35. Rc7 Rf8 36. Rb7 Qa8 37. Rcc7 Qa6+ 38. Qb5 Qa1+ 39. Qb1 Qa6+ 40. Kg1
Nd5 41. Rd7 Nc3 42. Qf1 Qa2 43. Rdc7 Qc2 44. d5 Qd2 45. Qa1 Qd1+ 46. Qxd1 Nxd1
47. Rc1 1-0

[Event "Titled Tue 24th Jun Late"]
[Site "chess.com INT"]
[Date "2025.06.24"]
[Round "5"]
[White "Lysyj, Igor"]
[Black "Thorfinnsson, Bragi"]
[Result "1-0"]
[WhiteTitle "GM"]
[BlackTitle "GM"]
[WhiteElo "2582"]
[BlackElo "2354"]
[WhiteFideId "4150120"]
[BlackFideId "2300958"]
[EventDate "2025.06.24"]

1. d4 Nf6 2. c4 e6 3. Nc3 Bb4 4. Qc2 Nc6 5. e3 O-O 6. Bd2 d6 7. a3 Bxc3 8. Bxc3
a5 9. Ne2 Qe7 10. Ng3 e5 11. d5 Nd4 12. Qd1 Nf5 13. Bd3 Nh4 14. O-O Bg4 15. f3
Bd7 16. Qd2 a4 17. f4 e4 18. Bxf6 gxf6 19. Bxe4 f5 20. Bd3 Rae8 21. Rae1 Qf6 22.
Qc3 Qxc3 23. bxc3 b6 24. Kf2 Re7 25. Ne2 Kg7 26. Nd4 Kf6 27. g3 Ng6 28. e4 fxe4
29. Rxe4 Rxe4 30. Bxe4 Re8 31. Re1 Ra8 32. Bd3 h5 33. h4 Ne7 34. Be2 Bg4 35.
Bxg4 hxg4 36. Nb5 Rc8 37. Nd4 Nf5 38. Nxf5 Kxf5 39. Ke3 c6 40. dxc6 Rxc6 41. Kd4
Kf6 42. Rb1 Kg7 43. Rb4 Rc8 44. Rxb6 Re8 1-0

[Event "Titled Tue 24th Jun Late"]
[Site "chess.com INT"]
[Date "2025.06.24"]
[Round "5"]
[White "Rozman, Levy"]
[Black "Tang, Austin"]
[Result "1-0"]
[WhiteTitle "IM"]
[WhiteElo "2324"]
[BlackElo "1979"]
[WhiteFideId "2039877"]
[BlackFideId "30964580"]
[EventDate "2025.06.24"]

1. d4 Nf6 2. Bg5 d5 3. Nd2 c5 4. e3 cxd4 5. exd4 Nc6 6. Bxf6 gxf6 7. c3 Bg7 8.
Qh5 e5 9. Ngf3 Be6 10. Bb5 e4 11. Nh4 Qd7 12. h3 f5 13. Qg5 f6 14. Qh5+ Qf7 15.
Nxf5 Bxf5 16. Qxf5 O-O 17. O-O Ne7 18. Qf4 f5 19. Ba4 Ng6 20. Qg5 Kh8 21. f4 Rg8
22. Qh5 Bf8 23. Bb3 Bd6 24. Nxe4 fxe4 25. Bxd5 Qf6 26. Bxe4 Rg7 27. Qg5 Qf7 28.
f5 Nf4 29. Qh6 Nh5 30. Qxd6 1-0

[Event "Titled Tue 24th Jun Late"]
[Site "chess.com INT"]
[Date "2025.06.24"]
[Round "5"]
[White "Ferriz Barrios, Andres"]
[Black "Jimenez Fernandez, Rebeca"]
[Result "0-1"]
[WhiteTitle "FM"]
[BlackTitle "WFM"]
[WhiteElo "2102"]
[BlackElo "2154"]
[WhiteFideId "5104467"]
[BlackFideId "32070934"]
[EventDate "2025.06.24"]

1. d4 d5 2. c4 c6 3. Nc3 Nf6 4. Bg5 dxc4 5. e4 b5 6. a4 b4 7. Bxf6 bxc3 8. Be5
cxb2 9. Rb1 Qa5+ 10. Qd2 c3 11. Qc2 e6 12. d5 exd5 13. exd5 Bf5 14. Qxf5 c2+ 15.
Ke2 c1=Q 16. Bxb2 Qc4+ 17. Ke3 Bc5+ 18. Kf3 Qxd5+ 19. Qxd5 cxd5 20. Bb5+ Nd7 21.
Rc1 Rc8 22. Ne2 Qb4 23. Bd4 O-O 24. Bxd7 Rc7 25. Bb5 Qa3+ 26. Rc3 Qb4 27. Rhc1
Bxd4 28. Rxc7 Be5 29. g3 Qe4# 0-1

[Event "Titled Tue 24th Jun Late"]
[Site "chess.com INT"]
[Date "2025.06.24"]
[Round "5"]
[White "Tatarinov, Dmitry"]
[Black "Sanal, Vahap"]
[Result "0-1"]
[WhiteTitle "FM"]
[BlackTitle "GM"]
[WhiteElo "2318"]
[BlackElo "2564"]
[WhiteFideId "24160067"]
[BlackFideId "6300545"]
[EventDate "2025.06.24"]

1. d4 d5 2. c4 c6 3. Nc3 Nf6 4. Nf3 e6 5. e3 Nbd7 6. Qc2 Bd6 7. Bd3 dxc4 8. Bxc4
b5 9. Bd3 Bb7 10. O-O O-O 11. Ng5 h6 12. Nge4 Be7 13. Nxf6+ Nxf6 14. Ne4 Nxe4
15. Bxe4 Qb6 16. Bd2 a5 17. Rfc1 Rfc8 18. a4 b4 19. Be1 c5 20. Bxb7 Qxb7 21.
dxc5 Rxc5 22. Qe2 Rac8 23. Rxc5 Rxc5 24. Rd1 Qc6 25. b3 Bf6 26. h3 g6 27. Qf3
Qxf3 28. gxf3 Rc2 29. Kf1 Kg7 30. Rd7 Rb2 31. Rd3 g5 32. Bd2 Kg6 33. e4 Bc3 34.
Bxc3 Rxb3 35. Ke2 bxc3 36. Rd4 Kh5 37. Rc4 Ra3 38. e5 Kg6 39. Ke3 Kf5 40. Kd4 c2
41. Rxc2 Rxa4+ 42. Ke3 Ra3+ 43. Ke2 Kxe5 44. Rc8 Ra4 45. Rh8 Rh4 46. Ra8 a4 47.
Ra5+ Kf6 48. Kf1 Rxh3 49. Kg2 Rh4 50. Kg3 Rf4 51. Ra8 h5 52. Rh8 h4+ 53. Kg2 Ke7
54. Ra8 Kd6 55. Ra6+ Kc7 56. Ra5 f6 57. Ra6 e5 58. Rxa4 Rxa4 0-1

[Event "Titled Tue 24th Jun Late"]
[Site "chess.com INT"]
[Date "2025.06.24"]
[Round "5"]
[White "Palczert, Matyas"]
[Black "Nguyen, Ngoc Truong Son"]
[Result "0-1"]
[WhiteTitle "FM"]
[BlackTitle "GM"]
[WhiteElo "2396"]
[BlackElo "2600"]
[WhiteFideId "784958"]
[BlackFideId "12401110"]
[EventDate "2025.06.24"]

1. b3 Nf6 2. Bb2 d5 3. Nf3 e6 4. e3 Be7 5. c4 O-O 6. Be2 c5 7. O-O b6 8. d4 Bb7
9. cxd5 Nxd5 10. dxc5 Bxc5 11. Nbd2 Nc6 12. Ne4 Be7 13. Rc1 Rc8 14. Bc4 Na5 15.
Bd3 Nb4 16. Rxc8 Qxc8 17. Neg5 f5 18. Bb5 Rd8 19. Qa1 Nc2 20. Qb1 a6 21. Be2 Nb4
22. a3 Nd5 23. b4 Nc6 24. Qa1 Bf8 25. Rc1 h6 26. Nh3 Qd7 27. b5 axb5 28. Bxb5
Qd6 29. Ne5 Nxe5 30. Bxe5 Qxa3 31. Bxg7 Qxa1 32. Bxa1 Bc5 33. g3 Nxe3 34. Bf6
Rd2 35. Nf4 Ng4 36. Nxe6 Bxf2+ 37. Kf1 Nxh2# 0-1

[Event "Titled Tue 24th Jun Late"]
[Site "chess.com INT"]
[Date "2025.06.24"]
[Round "5"]
[White "Mishra, Abhimanyu"]
[Black "Makridis, Dimitrios"]
[Result "1-0"]
[WhiteTitle "GM"]
[BlackTitle "FM"]
[WhiteElo "2611"]
[BlackElo "2283"]
[WhiteFideId "30920019"]
[BlackFideId "25864475"]
[EventDate "2025.06.24"]

1. d4 Nf6 2. c4 g6 3. g3 c5 4. dxc5 Bg7 5. Bg2 Na6 6. Nc3 Nxc5 7. Nh3 O-O 8. O-O
d6 9. Nf4 Rb8 10. Be3 b6 11. Rc1 Bb7 12. Bxb7 Rxb7 13. b3 Ne6 14. Nxe6 fxe6 15.
Bd4 Qe8 16. Qd3 Rd7 17. e4 g5 18. Qe2 h5 19. h3 g4 20. h4 Qg6 21. e5 dxe5 22.
Bxe5 Rd3 23. Bxf6 Rxf6 24. Ne4 Rff3 25. Ng5 Bd4 26. Kh2 Qf5 27. Nxf3 gxf3 28.
Qc2 Be5 29. Rcd1 Qg4 30. Qxd3 Qxh4+ 31. Kg1 Bxg3 32. Qg6+ Kf8 33. Rd8# 1-0

[Event "Titled Tue 24th Jun Late"]
[Site "chess.com INT"]
[Date "2025.06.24"]
[Round "5"]
[White "Ohler, Julius"]
[Black "Yao, Hanchi"]
[Result "0-1"]
[WhiteTitle "FM"]
[WhiteElo "2301"]
[BlackElo "2129"]
[WhiteFideId "16238982"]
[BlackFideId "30957397"]
[EventDate "2025.06.24"]

1. d4 Nf6 2. Bf4 e6 3. e3 d5 4. Nf3 Bd6 5. Nbd2 O-O 6. Bd3 c5 7. c3 Qc7 8. Bg3
Nbd7 9. Qe2 e5 10. dxc5 Nxc5 11. e4 dxe4 12. Bxe4 Nfxe4 13. Nxe4 Bf5 14. Nxc5
Qxc5 15. O-O f6 16. Rfd1 Rfd8 17. Nd2 Bf8 18. Nb3 Qc7 19. f3 Be6 20. Bf2 Bc4 21.
Qc2 a5 22. Rxd8 Rxd8 23. Rd1 a4 24. Nc1 b5 25. a3 Rxd1+ 26. Qxd1 Bc5 27. Qd2
Bxf2+ 28. Qxf2 Qd6 29. Qe1 f5 30. Ne2 Qc5+ 31. Kf1 Qe3 32. Qd1 Bd3 33. h3 e4 34.
fxe4 fxe4 35. Ke1 Kf7 36. Qd2 Qxd2+ 37. Kxd2 Bxe2 38. Kxe2 Ke6 39. Kd2 Ke5 40.
Ke3 g5 41. g3 h5 42. Ke2 h4 43. gxh4 gxh4 44. Ke3 Kf5 45. Ke2 Kf4 46. Kf2 e3+
47. Ke2 Ke4 48. Kf1 Kf3 0-1

[Event "Titled Tue 24th Jun Late"]
[Site "chess.com INT"]
[Date "2025.06.24"]
[Round "5"]
[White "Bluebaum, Matthias"]
[Black "Kravtsiv, Martyn"]
[Result "1-0"]
[WhiteTitle "GM"]
[BlackTitle "GM"]
[WhiteElo "2663"]
[BlackElo "2598"]
[WhiteFideId "24651516"]
[BlackFideId "14113147"]
[EventDate "2025.06.24"]

1. d4 d5 2. c4 e6 3. Nc3 Nf6 4. cxd5 exd5 5. Bg5 Be7 6. e3 O-O 7. Bd3 h6 8. Bf4
c5 9. Nf3 Nc6 10. O-O cxd4 11. Nxd4 Nxd4 12. exd4 Bd6 13. Be5 Ng4 14. Bg3 Bxg3
15. hxg3 Re8 16. Qb3 Be6 17. Be2 Re7 18. Bxg4 Bxg4 19. Nxd5 Rd7 20. Ne3 Be6 21.
d5 Bxd5 22. Nxd5 Rxd5 23. Qxb7 Rb8 24. Qxa7 Rxb2 25. a4 Rdd2 26. a5 Qf6 27. a6
Rxf2 28. Rxf2 Rxf2 29. Qxf2 Qxa1+ 30. Qf1 Qd4+ 31. Kh2 Qb6 32. Qc4 g6 33. Qa4
Qa7 34. Qb5 Kg7 35. Qa5 Kh7 36. Qa2 Kg7 37. Qa4 Kh7 38. Qa5 Kg7 39. Qb5 Kh7 40.
Qb7 1-0

[Event "Titled Tue 24th Jun Late"]
[Site "chess.com INT"]
[Date "2025.06.24"]
[Round "5"]
[White "Kozionov, Kirill"]
[Black "Zilberstein, Dmitry"]
[Result "1-0"]
[WhiteTitle "IM"]
[BlackTitle "IM"]
[WhiteElo "2442"]
[BlackElo "2358"]
[WhiteFideId "24101729"]
[BlackFideId "2010739"]
[EventDate "2025.06.24"]

1. d4 d6 2. c4 e5 3. e3 Nf6 4. Nc3 Nc6 5. Nf3 Be7 6. Be2 O-O 7. O-O exd4 8. exd4
d5 9. Ne5 dxc4 10. Nxc6 bxc6 11. Bxc4 Nd5 12. Qf3 Be6 13. Nxd5 Bxd5 14. Bxd5
Qxd5 15. Qxd5 cxd5 16. Bf4 c5 17. dxc5 Bxc5 18. Rfd1 Rfd8 19. Rd3 Rd7 20. Rad1
Rad8 21. h3 h6 22. a3 a5 23. Bd2 a4 24. Ba5 Ra8 25. Bc3 Rad8 26. Bd4 Bf8 27. Be5
Bc5 28. Kf1 g6 29. Bd4 Be7 30. Be3 h5 31. Bd4 Rb7 32. g4 hxg4 33. hxg4 f5 34.
gxf5 gxf5 35. Ke2 Kf7 36. Rh1 Rc8 37. Bc3 Re8 38. Rh7+ Kg6 39. Rg7+ Kh6 40. Kd1
d4 41. Bxd4 Rb3 42. Rxb3 axb3 43. Rg3 Bg5 44. Rxb3 Rd8 45. Rd3 Bf6 46. Be3+ 1-0

[Event "Titled Tue 24th Jun Late"]
[Site "chess.com INT"]
[Date "2025.06.24"]
[Round "5"]
[White "Nersisyan, Garnik"]
[Black "Miserendino, Alfredo"]
[Result "1-0"]
[WhiteTitle "CM"]
[WhiteElo "2035"]
[BlackElo "2032"]
[WhiteFideId "13300741"]
[BlackFideId "101800"]
[EventDate "2025.06.24"]

1. e4 c5 2. Nc3 e6 3. d3 Nc6 4. g3 Nge7 5. Bg2 Ng6 6. Be3 Be7 7. Qd2 b6 8. f4
Bb7 9. Nf3 a6 10. O-O d5 11. exd5 exd5 12. d4 cxd4 13. Nxd4 Nxd4 14. Bxd4 O-O
15. Rad1 Rc8 16. f5 Nh8 17. f6 Bxf6 18. Bxf6 gxf6 19. Bxd5 Qe7 20. Bxb7 Qxb7 21.
Nd5 Ng6 22. Qh6 Rc6 23. Rxf6 Rfc8 24. Rdf1 b5 25. Rxc6 Rxc6 26. Nf6+ Rxf6 27.
Rxf6 Qe4 28. Qd2 Ne5 29. h4 Kg7 30. Qf4 Qe1+ 31. Kg2 1-0

[Event "Titled Tue 24th Jun Late"]
[Site "chess.com INT"]
[Date "2025.06.24"]
[Round "5"]
[White "Bazan Romero, Octavio Aaron"]
[Black "Bogaudinov, Rushan"]
[Result "0-1"]
[WhiteTitle "FM"]
[BlackTitle "FM"]
[WhiteElo "2289"]
[BlackElo "1912"]
[WhiteFideId "20003943"]
[BlackFideId "4129288"]
[EventDate "2025.06.24"]

1. d4 d5 2. Bf4 Nf6 3. e3 c6 4. Nd2 g6 5. Ngf3 Bg7 6. h3 Nbd7 7. Bd3 O-O 8. Qe2
b6 9. c3 Bb7 10. Ne5 e6 11. h4 Nxe5 12. Bxe5 h5 13. Nf3 c5 14. Ng5 Ne4 15. Bxg7
Kxg7 16. Bxe4 dxe4 17. O-O-O Qd5 18. c4 Qf5 19. dxc5 Bc6 20. Rd6 Rac8 21. cxb6
axb6 22. Kb1 b5 23. Rc1 bxc4 24. Qxc4 Bb5 25. Qb3 Bd3+ 26. Rxd3 Rxc1+ 27. Kxc1
exd3 28. Qc3+ e5 29. f3 Rc8 0-1

[Event "Titled Tue 24th Jun Late"]
[Site "chess.com INT"]
[Date "2025.06.24"]
[Round "5"]
[White "Izafatava, Kira"]
[Black "Ferrara, Enzo"]
[Result "0-1"]
[WhiteTitle "WCM"]
[WhiteElo "2036"]
[BlackElo "2138"]
[WhiteFideId "13521705"]
[BlackFideId "137731"]
[EventDate "2025.06.24"]

1. e4 e6 2. d4 d5 3. Nc3 Bb4 4. a3 Bxc3+ 5. bxc3 dxe4 6. Qg4 Nf6 7. Qxg7 Rg8 8.
Qh6 Rg6 9. Qe3 c5 10. Nh3 Nc6 11. Bb5 Bd7 12. Nf4 cxd4 13. cxd4 Qa5+ 14. Bd2
Qxb5 15. Nxg6 hxg6 16. a4 Qc4 17. Qc3 Qxd4 18. O-O Nd5 19. Qxd4 Nxd4 20. Rab1
Bc6 21. Kh1 Nxc2 22. Rfc1 Na3 23. Rb3 Bxa4 24. Rxa3 Bc6 25. Be3 Nxe3 26. fxe3 a5
27. Rca1 a4 28. Rc1 Kd7 29. Kg1 b5 30. Rb1 Kc7 31. Rb4 Kb6 32. Kf2 Kc5 33. Rd4
b4 34. Ra1 Bd5 35. Rc1+ Kb5 36. Rc7 a3 37. Rd1 a2 38. Ra1 b3 0-1

[Event "Titled Tue 24th Jun Late"]
[Site "chess.com INT"]
[Date "2025.06.24"]
[Round "5"]
[White "Shearsby, Jude"]
[Black "Matinian, Nikita"]
[Result "0-1"]
[WhiteTitle "CM"]
[BlackTitle "GM"]
[WhiteElo "2160"]
[BlackElo "2421"]
[WhiteFideId "462527"]
[BlackFideId "24129100"]
[EventDate "2025.06.24"]

1. e4 c5 2. f3 g6 3. Ne2 Bg7 4. d4 cxd4 5. Nxd4 d5 6. exd5 Qxd5 7. Be3 Nc6 8.
Nxc6 Qxd1+ 9. Kxd1 bxc6 10. c3 Nf6 11. Bd3 O-O 12. Kc2 Nd5 13. Bd2 Rd8 14. Na3
e5 15. Nc4 Ba6 16. Nxe5 Bb5 17. Rhe1 Bxe5 18. Bxb5 Bxc3 19. Bxc6 Bxd2 20. Bxa8
Ne3+ 21. Rxe3 Bxe3 22. Re1 Bh6 23. Bc6 Rd2+ 24. Kc3 Rxg2 25. Re7 Rxh2 26. Bd5
Bg7+ 27. Kd3 Rxb2 28. Rxf7 Kh8 29. Rxa7 h5 30. Bf7 Kh7 31. Ra6 Rg2 32. Ke3 h4
33. Be6 Bh6+ 34. f4 h3 0-1

[Event "Titled Tue 24th Jun Late"]
[Site "chess.com INT"]
[Date "2025.06.24"]
[Round "5"]
[White "Aalto, Patrik"]
[Black "Reshetnikov, Alexey"]
[Result "0-1"]
[WhiteTitle "FM"]
[BlackTitle "IM"]
[WhiteElo "2316"]
[BlackElo "2492"]
[WhiteFideId "510726"]
[BlackFideId "4162080"]
[EventDate "2025.06.24"]

1. c4 Nf6 2. Nf3 g6 3. g3 Bg7 4. Bg2 O-O 5. d4 c5 6. O-O d6 7. Nc3 Nc6 8. d5 Na5
9. Nd2 a6 10. Rb1 Rb8 11. b3 b5 12. Bb2 e5 13. Qc2 Bh6 14. e3 Re8 15. Ba1 Bf5
16. e4 Bd7 17. Ne2 bxc4 18. Nxc4 Nxc4 19. bxc4 Qa5 20. Bc3 Qc7 21. Bd2 Bxd2 22.
Qxd2 Rxb1 23. Rxb1 Rb8 24. Qc2 Rb4 25. a3 Ba4 26. Qc1 Rb6 27. Nc3 Bd7 28. Bf1
Rxb1 29. Qxb1 Qa5 30. Qb2 Kg7 31. Bd3 h5 32. Kg2 h4 33. h3 hxg3 34. fxg3 Qd8 35.
Ne2 Qh8 36. Ng1 Qh6 37. Qf2 Qc1 38. Nf3 Qxa3 39. Ng5 Qxd3 0-1

[Event "Titled Tue 24th Jun Late"]
[Site "chess.com INT"]
[Date "2025.06.24"]
[Round "5"]
[White "Jagirapu, Harshin Reddy"]
[Black "Guha, Eshan"]
[Result "0-1"]
[WhiteElo "2042"]
[BlackElo "2071"]
[WhiteFideId "39910679"]
[BlackFideId "30958628"]
[EventDate "2025.06.24"]

1. d4 Nf6 2. c4 c5 3. d5 b5 4. cxb5 a6 5. bxa6 g6 6. Nc3 Bg7 7. e4 O-O 8. Nf3
Qa5 9. Bd3 Nxd5 10. exd5 Bxc3+ 11. Kf1 Bg7 12. Bd2 Qb6 13. Bc3 Bxa6 14. g3 d6
15. Kg2 Nd7 16. h4 Nf6 17. h5 Bb7 18. Bc4 Nxh5 19. Rxh5 gxh5 20. Bxg7 Kxg7 21.
Qd2 Qb4 22. Qg5+ Kh8 23. b3 Qc3 24. Rh1 Qf6 25. Qxh5 Qg6 26. Qh4 e6 27. Ng5 exd5
28. Be2 d4+ 29. f3 Rxa2 30. Nxh7 Rxe2+ 31. Kf1 Qb1+ 32. Kxe2 Ba6+ 33. Kf2 Qc2+
34. Kg1 Qd1+ 35. Kh2 Qe2+ 36. Kh3 Bc8+ 37. g4 Qxf3+ 38. Qg3 Qxh1+ 0-1

[Event "Titled Tue 24th Jun Late"]
[Site "chess.com INT"]
[Date "2025.06.24"]
[Round "5"]
[White "Omariev, Maksim"]
[Black "Pavlidou, Ekaterini"]
[Result "0-1"]
[WhiteTitle "FM"]
[BlackTitle "WIM"]
[WhiteElo "2304"]
[BlackElo "2198"]
[WhiteFideId "4193423"]
[BlackFideId "4213262"]
[EventDate "2025.06.24"]

1. b3 c5 2. Bb2 Nc6 3. c4 e5 4. Nc3 d6 5. g3 f5 6. Bg2 Nf6 7. e3 Bd7 8. Nge2 Be7
9. O-O O-O 10. d4 cxd4 11. exd4 e4 12. f3 exf3 13. Bxf3 Rc8 14. Qd2 Kh8 15. Rae1
Ng4 16. Nf4 Bg5 17. Nb5 Qf6 18. d5 Nce5 19. Bxg4 Bxb5 20. Bd1 Bd7 21. Qf2 Rce8
22. Qxa7 Qh6 23. Qf2 Bxf4 24. Qxf4 Qxf4 25. gxf4 Nd3 26. Rxe8 Rxe8 27. Ba3 Ra8
28. Bxd6 Rxa2 29. Bf3 h6 30. Bh5 Kh7 31. Bf7 Re2 32. b4 Nb2 33. c5 Nc4 34. Bf8
Ne3 35. Ra1 Bb5 36. Kh1 Bd3 37. d6 Be4+ 38. Kg1 Rg2+ 39. Kh1 Rg3# 0-1

[Event "Titled Tue 24th Jun Late"]
[Site "chess.com INT"]
[Date "2025.06.24"]
[Round "5"]
[White "Jacobsen, Mikkel Manosri"]
[Black "Chiu, Isaac"]
[Result "0-1"]
[WhiteTitle "FM"]
[WhiteElo "2223"]
[BlackElo "2226"]
[WhiteFideId "1444514"]
[BlackFideId "30900654"]
[EventDate "2025.06.24"]

1. d4 Nf6 2. Nf3 d5 3. Bf4 c5 4. e3 Nc6 5. Nbd2 Nh5 6. dxc5 Nxf4 7. exf4 g6 8.
c3 Bh6 9. g3 O-O 10. Nb3 a5 11. a4 Re8 12. Bb5 Bg4 13. h3 Bxf3 14. Qxf3 e5 15.
O-O exf4 16. Rad1 Re5 17. Nd4 Nxd4 18. Rxd4 fxg3 19. fxg3 Be3+ 20. Kh1 Bxd4 21.
Qxf7+ Kh8 22. cxd4 Re7 23. Qf6+ Kg8 24. h4 Qf8 25. Qd6 Qd8 26. Qf6 Rc8 27. h5
gxh5 28. Qh6 Kh8 29. Kg2 Rg7 30. Re1 Qg5 31. Qxg5 Rxg5 32. Re7 Rg7 33. Re5 Rd8 0-1

[Event "Titled Tue 24th Jun Late"]
[Site "chess.com INT"]
[Date "2025.06.24"]
[Round "5"]
[White "Gubajdullin, Alexei"]
[Black "Povshednyi, Ivan"]
[Result "0-1"]
[WhiteTitle "FM"]
[BlackTitle "FM"]
[WhiteElo "2233"]
[BlackElo "2309"]
[WhiteFideId "4141202"]
[BlackFideId "14190907"]
[EventDate "2025.06.24"]

1. Nf3 d5 2. g3 g6 3. Bg2 Bg7 4. O-O e5 5. d3 Nc6 6. Nbd2 Nge7 7. e4 O-O 8. c3
h6 9. a4 a5 10. Qb3 Be6 11. Qa3 Kh7 12. Re1 d4 13. Bf1 Qd7 14. Nb3 b6 15. cxd4
exd4 16. Bd2 f5 17. e5 Rfe8 18. Nc1 Nd5 19. b3 Ndb4 20. Qb2 Bd5 21. Nxd4 Nxd4
22. Qxd4 Nc2 23. Qc3 Nxe1 24. Bxe1 Rxe5 25. d4 Re7 26. Nd3 c5 27. Rd1 Bxd4 28.
Qc2 Qe6 29. Nf4 Qe4 30. Qxe4 Bxe4 31. Bc4 g5 32. Nd5 Bxd5 33. Bxd5 Rd8 34. Bf3
g4 35. Bc6 Bxf2+ 36. Bxf2 Rxd1+ 37. Kg2 Rd2 38. Bb5 Rxf2+ 39. Kxf2 Kg6 40. Bd3
Kg5 41. Bc4 f4 42. gxf4+ Kxf4 43. Bb5 h5 44. Bc6 h4 45. Bd5 g3+ 46. hxg3+ hxg3+
47. Kg2 Re2+ 48. Kh1 Rd2 49. Bc6 Ke3 0-1

[Event "Titled Tue 24th Jun Late"]
[Site "chess.com INT"]
[Date "2025.06.24"]
[Round "5"]
[White "Kharitonov, Sergei"]
[Black "Akbarinia, Sayed Arash"]
[Result "1/2-1/2"]
[WhiteTitle "CM"]
[BlackTitle "FM"]
[WhiteElo "2014"]
[BlackElo "2372"]
[WhiteFideId "4129750"]
[BlackFideId "12501468"]
[EventDate "2025.06.24"]

1. e4 c6 2. d3 d5 3. Nd2 g6 4. g3 Bg7 5. Bg2 e5 6. Ngf3 Ne7 7. O-O O-O 8. Nh4 f5
9. exf5 Nxf5 10. Nxf5 gxf5 11. d4 e4 12. Nb3 f4 13. Bxf4 Rxf4 14. gxf4 Qh4 15.
f3 e3 16. f5 Bxf5 17. f4 Nd7 18. Qf3 Rd8 19. Qxe3 Bxc2 20. Rae1 Nf8 21. Nc5 b6
22. Nd3 Bxd3 23. Qxd3 Qf6 24. Re5 Nd7 25. Bh3 Nxe5 26. dxe5 Qe7 27. Bf5 h6 28.
Qh3 c5 29. Qg4 Rf8 30. Qg6 Re8 31. Kh1 Kf8 32. Rg1 Qf7 33. Qd6+ Qe7 34. Qg6 Qf7
35. Qd6+ Qe7 36. Qg6 1/2-1/2

[Event "Titled Tue 24th Jun Late"]
[Site "chess.com INT"]
[Date "2025.06.24"]
[Round "5"]
[White "Dyachuk, Artem"]
[Black "Ghimoyan, Narek"]
[Result "1-0"]
[WhiteTitle "FM"]
[BlackTitle "CM"]
[WhiteElo "2374"]
[BlackElo "2273"]
[WhiteFideId "34107924"]
[BlackFideId "13315412"]
[EventDate "2025.06.24"]

1. e4 e6 2. d4 d5 3. Nd2 Nf6 4. e5 Nfd7 5. f4 c5 6. c3 Nc6 7. Ndf3 Be7 8. h4 a5
9. g3 a4 10. Bd3 b6 11. Ne2 Ba6 12. Bxa6 Rxa6 13. f5 Nf8 14. O-O exf5 15. Qd3
Ra8 16. Qxf5 Ne6 17. Ng5 Nxg5 18. hxg5 O-O 19. Kg2 Qc8 20. Qf3 cxd4 21. cxd4 f6
22. Qxd5+ Kh8 23. g6 Qg4 24. Nf4 fxe5 25. dxe5 Nb4 26. Qe4 Rac8 27. Bd2 Rc2 28.
Rf2 Bh4 29. Qxb4 Qxg3+ 30. Kh1 Rfc8 31. Raf1 Bg5 32. Nh5 Qh3+ 33. Kg1 hxg6 34.
Nf4 Bxf4 35. Qxf4 R2c4 36. Rh2 1-0

[Event "Titled Tue 24th Jun Late"]
[Site "chess.com INT"]
[Date "2025.06.24"]
[Round "5"]
[White "Chen, Yidong"]
[Black "Pontes, Luiz Felizola Lima"]
[Result "1/2-1/2"]
[WhiteElo "2074"]
[BlackElo "2062"]
[WhiteFideId "8607028"]
[BlackFideId "44709919"]
[EventDate "2025.06.24"]

1. e4 c5 2. Nf3 e6 3. d4 cxd4 4. Nxd4 Nc6 5. Nc3 Qc7 6. Be3 a6 7. Qf3 Bd6 8.
Nxc6 bxc6 9. Bc4 Nf6 10. h3 Be5 11. Bb3 d5 12. Bd2 O-O 13. exd5 cxd5 14. O-O Bb7
15. Qe2 a5 16. Rfe1 Bh2+ 17. Kh1 Ba6 18. Qf3 Bd6 19. Bg5 Be7 20. Rad1 Bb7 21.
Qe2 Rfe8 22. a4 h6 23. Bh4 Ba6 24. Qf3 Nh7 25. Bg3 Bd6 26. Bxd6 Qxd6 27. Ne2 Ng5
28. Qg3 Ne4 29. Qxd6 Nxd6 30. f3 Rec8 31. Rd2 Bc4 32. Nd4 Bxb3 33. cxb3 Rab8 34.
Kg1 g6 35. Kf2 Rb4 36. Re3 Nf5 37. Nxf5 gxf5 38. g3 Kf8 39. f4 Rcb8 40. Rdd3 Rc8
41. Rd2 Rcb8 42. Rdd3 Rc8 43. Rd2 1/2-1/2